Third Environmental Permitting Programme Consultation (Record no. 106352)

MARC details
000 -LEADER
fixed length control field 01305cab a2200205 4500
001 - CONTROL NUMBER
control field L136268
008 - FIXED-LENGTH DATA ELEMENTS--GENERAL INFORMATION
fixed length control field 070122n2007 000 0 eng u
035 ## - SYSTEM CONTROL NUMBER
System control number (Sirsi) u136268
041 0# - LANGUAGE CODE
Language code of text/sound track or separate title eng
050 04 - LIBRARY OF CONGRESS CALL NUMBER
Classification number 614.76 $2 18
110 1# - MAIN ENTRY--CORPORATE NAME
Corporate name or jurisdiction name as entry element United Kingdom
Subordinate unit Department for Environment, Food and Rural Affairs
245 00 - TITLE STATEMENT
Title Third Environmental Permitting Programme Consultation
Remainder of title on guidance for a streamlined environmental permitting and compliance system
Medium [electronic resource]
260 ## - PUBLICATION, DISTRIBUTION, ETC.
Place of publication, distribution, etc. London
Name of publisher, distributor, etc. DEFRA
Date of publication, distribution, etc. 2007
520 ## - SUMMARY, ETC.
Summary, etc. The Environmental Permitting Programme is examining how to combine the pollution prevention and control and waste management licensing systems into a common permitting and compliance system. Provides details of the consultation including the consultation letter, list of organisations consulted, a short summary booklet on the Environmental Permitting Programme, the UK government environmental permitting guidance document, and an example of how the guidance on the Directives might look.
590 ## - LOCAL NOTE (RLIN)
Local note KA
651 #4 - SUBJECT ADDED ENTRY--GEOGRAPHIC NAME
Geographic name England and Wales
Chronological subdivision 1543-
690 ## - LOCAL SUBJECT ADDED ENTRY--TOPICAL TERM (OCLC, RLIN)
Topical term or geographic name as entry element ENVIRONMENTAL AND LAND CONSULTANCY-WASTE MANAGEMENT
856 ## - ELECTRONIC LOCATION AND ACCESS
Uniform Resource Identifier <a href="https://www.defra.gov.uk/corporate/consult/envpermitprog3/index.htm">https://www.defra.gov.uk/corporate/consult/envpermitprog3/index.htm</a>
Public note View the consultation papers free of charge at www.defra.gov.uk...
942 ## - ADDED ENTRY ELEMENTS (KOHA)
Suppress in OPAC 0
Holdings
Withdrawn status Lost status Source of classification or shelving scheme Damaged status Not for loan Home library Current library Shelving location Date acquired Total Checkouts Full call number Barcode Date last seen Copy number Price effective from Koha item type
    Dewey Decimal Classification     Virtual Virtual Online 22/01/2007   ONLINE PUBLICATION 136268-1001 06/08/2019 1 06/08/2019 Journal article